[Event "Budapest FS06 FM"]
[Site "Budapest"]
[Date "2023.06.13"]
[Round "9"]
[White "Mayer, Istvan"]
[Black "Arueran, Raghuraman"]
[Result "1/2-1/2"]
[WhiteElo "1781"]
[BlackElo "1296"]
[PlyCount "81"]
[EventDate "2023.06.03"]
[EventType "tourn"]
[EventRounds "9"]
[EventCountry "HUN"]
[SourceTitle "EXT 2024"]
[Source "ChessBase"]
[SourceDate "2023.10.10"]
[SourceVersion "1"]
[SourceVersionDate "2023.10.10"]
[SourceQuality "1"]

1. e4 c5 2. Nf3 d6 3. Bb5+ Bd7 4. a4 Nc6 5. 0-0 Nf6 6. Re1 e5 7. c3 Be7 8. Na3 0-0 9. Nc2 a6 10. Bf1 Bg4 11. Ne3 Bh5 12. Nd5 Nxd5 13. exd5 Nb8 14. b4 cxb4 15. cxb4 f5 16. Qb3 Bf6 17. Bb2 Nd7 18. Ra3 a5 19. d4 Bxf3 20. Qxf3 axb4 21. Rb3 g6 22. Rxb4 exd4 23. Bxd4 Bxd4 24. Rxd4 Ne5 25. Qb3 f4 26. Be2 Qg5 27. Bf3 Rae8 28. Ree4 Re7 29. Kf1 Rfe8 30. Be2 Ng4 31. f3 Ne3+ 32. Ke1 Qxg2 33. Re6 Qg1+ 34. Kd2 Nf1+ 35. Kc3 Rxe6 36. dxe6 Qe3+ 37. Bd3 Rc8+ 38. Rc4 Qd2+ 39. Kd4 Qe3+ 40. Kc3 Qd2+ 41. Kd4 1/2-1/2

[Event "Budapest FS06 FM"]
[Site "Budapest"]
[Date "2023.06.12"]
[Round "8"]
[White "Arueran, Raghuraman"]
[Black "Hradeczky, Tamas"]
[Result "0-1"]
[WhiteElo "1296"]
[BlackElo "1791"]
[PlyCount "108"]
[EventDate "2023.06.03"]
[EventType "tourn"]
[EventRounds "9"]
[EventCountry "HUN"]
[SourceTitle "EXT 2024"]
[Source "ChessBase"]
[SourceDate "2023.10.10"]
[SourceVersion "1"]
[SourceVersionDate "2023.10.10"]
[SourceQuality "1"]

1. e4 e5 2. Nf3 Nc6 3. Bb5 a6 4. Ba4 Nf6 5. 0-0 Be7 6. Re1 b5 7. Bb3 0-0 8. c3 d6 9. h3 Na5 10. Bc2 c5 11. d4 cxd4 12. cxd4 Nc6 13. d5 Nb4 14. Bb3 a5 15. a3 Na6 16. Nbd2 Qc7 17. Nf1 Nc5 18. Bc2 a4 19. Ng3 Re8 20. Be3 Bf8 21. Rc1 Qb7 22. Qd2 h6 23. Nh4 Rb8 24. Rf1 Bd7 25. f4 b4 26. fxe5 Rxe5 27. Rxf6 Be7 28. Rf4 bxa3 29. bxa3 Nb3 30. Bxb3 axb3 31. Nhf5 b2 32. Nxe7+ Rxe7 33. Rb1 Qb3 34. Ne2 Qxa3 35. Bd4 f5 36. Rxb2 Rbe8 37. Rf3 Qa8 38. Nc3 fxe4 39. Rg3 Kh7 40. Ra2 Qc8 41. Na4 Bf5 42. Rc3 Qb7 43. Be3 Rf7 44. Rac2 Qb5 45. Rc4 Bg6 46. Nb6 Qb1+ 47. Rc1 Qd3 48. Rc7 Qxd2 49. Bxd2 e3 50. Ba5 Rf2 51. Bc3 h5 52. Rf1 Ref8 53. Rxf2 exf2+ 54. Kh2 Rf7 0-1